1325 1226 1641 1530 1165 1207 1687 1852 1555 1638 1491 1646 1522 1791 1338 1957 1203 1466 1215 1081 1410 1032 1834 1263 1834 1426 1149 1146 1229 1490 1530 1229 1629 1578 1691 1224 1948 1197 1140 1169 1361 1298 1668 1181 1382 1463 1117 1646 1388 1591 1884 1180 1070 1612 1838 1185 1377 1710 1930 1942 1563 1224 1097 1427 1094 1565 1832 1809 1122 1113 1202 1159 1783 1625 1761 1023 1971 1003 1117 1555 1447 1189 1866 1181 1419 1948 1594 1200 1976 1087 1391 1059 1358 1430 1493 1687 1105 1219 1875 BCNSPRNW ULIB Ver.6.0+V

เปลี่ยนเป็นภาษาไทย

Change to English
 แสดงรายละเอียดบรรณานุกรม
  กลับหน้าหลัก

Brief Record : Get Marc (ISO 2709) : E-mail record : QR code < ปิดหน้าต่าง
LEADER : 00000nam 2200000uu 4500
001    13399111688
003     ULIB
008    110705s2006||||th 000 0 eng d
020    0443101280 (pbk.)
060 04 WQ165^bJ68s 2006
100 1  Johnson, Ruth
245 10 Skills for midwifery practice /^cRuth Johnson, WendyTaylor
250    2nd ed.
260    Edinburgh :^bElsevier/Churchill Livingstone,^cc2006
300    xi, 495 p. :^bill. ;^c25 cm.
504    Includes bibliographical references and index
650  2 Midwifery^xmethods
700 1  Taylor, Wendy,^d1956-
945    ^p1920^l0^i020386
995     Kesorn
999 ^a ใช้งานได้ทุกระบบ
รายการนี้ยังไม่มีแท็ก
คุณยังไม่ได้ล็อกอิน คุณสามารถมีกิจกรรมร่วมกับเว็บไซต์ได้ แต่ต้องล็อกอินก่อน ::
  ล็อกอิน

รายการสื่อสารสนเทศ

ลำดับที่ ประเภท เลขเรียก/บาร์โค้ด สถานที่ สถานะ
- ไม่พบข้อมูล -

รายการใกล้เคียง
    ผู้แต่ง [Johnson, Ruth]

BibComment


ยังไม่เคยถูกคอมเมนท์

คอมเมนท์ทรัพยากรรายการนี้
  คอมเมนท์: Skills for midwif..


 Copyright 2026. Bcnsprnw @Library